000 01117nam a2200277 a 4500
001 000001824
005 20200929145722.0
008 090629s2003 cu ac 000 0 spa d
020 _a9592112487
040 _aDO-SdBNP
_bspa
_cBNPHU
082 _a972.91064
_bV145o
100 1 _aValdes-Dapena, Jacinto,
_d1942-
_95932
245 1 0 _aOperación Mangosta :
_bpreludio de la invasión directa a cuba /
_cJacinto Valdez-Dapena Vivanco.
260 _aLa Habana :
_bCapitan San Luis,
_c2003.
300 _a174 p. :
_bil. ; retrs. ;
_c22 cm.
504 _aIncluye bibliografia (p. 161-166)
500 _aIncluye datos biográficos del autor en las solapas
610 2 4 _aOPERACIÓN MANGOSTA
_95933
610 1 4 _aESTADOS UNIDOS
_bAGENCIA CENTRAL DE INTELIGENCIA
_xHISTORIA
_ySIGLO XX
_95934
650 4 _aContrarrevolucionarios
_zCuba
_xHistoria
_ySIGLO XX
_95935
650 4 _aActividades subversivas
_zCuba
_xHistoria
_ySIGLO XX
_95936
651 4 _aCuba
_xHistoria
_y1959-1990
_95937
651 4 _aEstados Unidos
_xRelaciones Exteriores
_xCuba
_95807
651 4 _aCuba
_xRelaciones Exteriores
_zEstados Unidos
_95938
049 _aBNGR
999 _c1701
_d1701